| 000 | 00661nam a2200169 i 4500 | ||
|---|---|---|---|
| 001 | 52603 | ||
| 003 | ES-MaACL | ||
| 005 | 20230906162617.0 | ||
| 007 | t| | ||
| 008 | 030901s1877 fr ||||1| fre d | ||
| 100 | 1 |
_aChervin, Arthur ( _d1850-1921) _938379 |
|
| 245 | 1 | 0 |
_aStatistique du mouvement de la population en Espagne _b: de 1865 áa 1869 suivie d'une étude sur la natalité et la mortalité dans chacune des 49 provinces du royaume / _cpar Arthur Chervin. |
| 260 |
_aParis : _bJ.B. Baillière et Fils, _c1877. |
||
| 300 |
_a140 p., map. pleg. ; _c25 cm. |
||
| 650 | 4 |
_aDinámica de población- _zEspaña- _yS.XIX. _9153066 |
|
| 852 |
_aES-MaACL _jT-250-F-1 |
||
| 999 |
_c52603 _d52603 |
||